Biography of Kam Eng Seng, the Narrator of God`d New Word (Record no. 18344)

MARC details
000 -LEADER
fixed length control field 00609nam a2200241 a 4500
020 ## - INTERNATIONAL STANDARD BOOK NUMBER
ISBN
082 00 - DEWEY DECIMAL CLASSIFICATION NUMBER
Classification number 200.922
Author Cutter SEN
100 ## - MAIN ENTRY--AUTHOR NAME
Author name Seng, Kam Eng
245 ## - TITLE STATEMENT
Title Biography of Kam Eng Seng, the Narrator of God`d New Word
260 ## - PUBLICATION, DISTRIBUTION, ETC. (IMPRINT)
Place of publication Malaysia
Name of publisher Author
Year of publication 0000
300 ## - PHYSICAL DESCRIPTION
Number of Pages 27p
500 ## - GENERAL NOTE
General note includes index and biblioraphy
505 2# - FORMATTED CONTENTS NOTE
Formatted contents note Feb, 25-27, 2000.
650 ## - SUBJECT ADDED ENTRY--TOPICAL TERM
Topical Term Biographies-Religion
942 ## - ADDED ENTRY ELEMENTS (KOHA)
Koha item type Books
700 1# -
-- Seng, Kam Eng
Holdings
Collection code Home library Current library Date acquired Cost, normal purchase price Full call number Accession Number Koha item type
  Henry Martyn Institute Library Henry Martyn Institute Library 03/19/2007 100.00 200.922 SEN 11000955 Books
                   Copyright © 2026 | Henry Martyn Institute | Hyderabad | TS-500052 | INDIA | Implemented by hmi.edu.in
Hit-Count:

Powered by Koha